As 100 Maiores Cidades de Minas Gerais - Statistics

Estatísticas Gerais
  • Esse quiz foi jogado 678 vezes
  • A pontuação média é 54 de 100
Estatísticas das Respostas
População Cidades % Correto
2.530.700 Belo Horizonte
100%
446.740 Betim
96%
687.010 Uberlândia
96%
671.570 Contagem
92%
570.970 Juiz de Fora
92%
332.680 Uberaba
92%
65.070 Ouro Preto
88%
397.310 Montes Claros
87%
271.050 Governador Valadares
84%
236.240 Divinópolis
80%
264.540 Ipatinga
79%
238.030 Sete Lagoas
79%
133.110 Varginha
79%
338.920 Ribeirão das Neves
77%
142.390 Patos de Minas
76%
85.930 São João del Rei
76%
54.330 Mariana
73%
165.700 Poços de Caldas
73%
115.410 Teófilo Otoni
73%
106.800 Araxá
70%
100.770 Lavras
70%
90.380 Pará de Minas
70%
141.270 Pouso Alegre
70%
95.250 Nova Lima
69%
127.260 Barbacena
68%
221.090 Santa Luzia
68%
113.480 Ubá
68%
124.700 Conselheiro Lafaiete
66%
41.850 Diamantina
66%
72.880 Três Corações
66%
183.610 Ibirité
65%
74.470 Viçosa
64%
113.440 Itabira
62%
110.030 Passos
61%
134.400 Sabará
61%
131.850 Vespasiano
60%
75.930 Alfenas
59%
34.740 Brumadinho
59%
101.770 Muriaé
59%
36.050 Ouro Branco
59%
73.620 Curvelo
57%
50.800 Itabirito
56%
62.210 Lagoa Santa
56%
110.580 Araguari
55%
109.320 Coronel Fabriciano
55%
62.070 Formiga
55%
68.670 Unaí
55%
102.360 Nova Serrana
54%
80.540 João Monlevade
53%
82.320 Paracatu
53%
89.270 Itajubá
52%
54.360 Congonhas
51%
101.410 Ituiutaba
51%
81.270 Patrocínio
51%
91.130 Timóteo
50%
75.020 Manhuaçu
49%
88.920 Itaúna
47%
48.440 Bom Despacho
46%
46.540 São Lourenço
46%
65.620 Janaúba
45%
55.400 Pedro Leopoldo
45%
34.260 Extrema
44%
42.900 Januária
44%
76.990 Caratinga
43%
38.980 João Pinheiro
43%
55.800 Pirapora
43%
39.450 Caeté
42%
37.430 Oliveira
42%
41.390 Santos Dumont
42%
67.630 Esmeraldas
41%
49.120 Guaxupé
40%
66.350 São Sebastião do Paraíso
40%
52.030 Lagoa da Prata
39%
53.520 Ponte Nova
39%
34.700 Almenara
38%
72.700 Cataguases
38%
47.100 Leopoldina
38%
52.160 Frutal
37%
36.560 Nanuque
37%
38.020 Santa Rita do Sapucaí
37%
49.090 Três Pontas
37%
33.680 Sarzedo
36%
41.760 Igarapé
35%
35.980 São Francisco
34%
39.630 Bocaiúva
33%
32.820 Salinas
33%
37.730 Arcos
31%
51.260 Campo Belo
31%
42.090 Monte Carmelo
30%
31.360 Andradas
29%
34.980 Matozinhos
29%
35.380 Machado
27%
34.090 São Gotardo
26%
33.080 Além Paraíba
24%
33.690 Boa Esperança
24%
31.480 Piumhi
24%
33.390 Santana do Paraíso
24%
35.850 Visconde do Rio Branco
24%
35.070 Várzea da Palma
21%
37.940 Iturama
20%
Nenhum quiz correspondente encontrado
Distribuição das Pontuações
Porcentagem de Pessoas com Cada Pontuação
Percentil de Números Respondidos
Sua Pontuação Histórica
Você não jogou esse quiz